000 01170nam a22003137a 4500
003 DO-SdBPM
005 20260513091344.0
007 ta
008 161031b 2006 xx a 1 00| 0 spa d
020 _a0765276518
040 _aDO-SdBPM
_bspa
_cBPMSU
_erda
082 4 _a388
_bG776a 2006
_222
100 1 _aGraves, Sue
_eautor
_4aut.
245 1 0 _aAviones, trenes y más /
_cSue Graves
260 _c
264 _aEstados Unidos :
_bCelebration Press,
_bPearson Learning Group ,
_c2006
300 _a8 páginas :
_bilustración ;
_c24 cm.
336 _atexto
_btxt
_2rdacontent
337 _asin mediación
_bn
_2rdamedia
338 _avolumen
_bnc
_2rdacarrier
490 0 _aiOpeners
500 _aGuía visual y narrativa simple que presenta los diferentes modos de desplazarse. Sue Graves utiliza una estructura repetitiva y sencilla para que los niños identifiquen: los diferentes medios de transporte
590 _aInventariado, 2026/VM
650 7 _aTransporte
_vLiteratura infantil
650 7 _aTransporte
_x Aspectos sociales.
650 7 _aLibros ilustrados para niños
910 _aVMateo V. Control de calidad. BPMSU
942 _2ddc
_cBK
999 _c12669
_d12669